<?xml version="1.0" encoding="UTF-8"?>
<record
    xmlns:xsi="http://www.w3.org/2001/XMLSchema-instance"
    xsi:schemaLocation="http://www.loc.gov/MARC21/slim http://www.loc.gov/standards/marcxml/schema/MARC21slim.xsd"
    xmlns="http://www.loc.gov/MARC21/slim">

  <leader>00932nam0a2200265   4500</leader>
  <controlfield tag="001">RU\NLR\BIBL_A\012118882</controlfield>
  <controlfield tag="005">20250623211801.0</controlfield>
  <datafield tag="010" ind1=" " ind2=" ">
    <subfield code="9">3000</subfield>
  </datafield>
  <datafield tag="035" ind1=" " ind2=" ">
    <subfield code="a">(NLR Aleph) 012118882</subfield>
  </datafield>
  <datafield tag="090" ind1=" " ind2=" ">
    <subfield code="a">13297854</subfield>
    <subfield code="c">13297854</subfield>
  </datafield>
  <datafield tag="100" ind1=" " ind2=" ">
    <subfield code="a">20191014d1956    |||y0rusy50      ca</subfield>
  </datafield>
  <datafield tag="101" ind1="1" ind2=" ">
    <subfield code="a">kir</subfield>
    <subfield code="c">rus</subfield>
  </datafield>
  <datafield tag="102" ind1=" " ind2=" ">
    <subfield code="a">KG</subfield>
  </datafield>
  <datafield tag="105" ind1=" " ind2=" ">
    <subfield code="a">y   z   000ay</subfield>
  </datafield>
  <datafield tag="200" ind1="1" ind2=" ">
    <subfield code="a">&#x410;&#x44F;&#x43B;&#x434;&#x430;&#x440;&#x434;&#x44B;&#x43D; &#x431;&#x43E;&#x44E;&#x43D;&#x434;&#x430; &#x431;&#x430;&#x440; &#x43A;&#x435;&#x437;&#x438;&#x43D;&#x434;&#x435; &#x436;&#x430;&#x43D;&#x430; &#x442;&#x473;&#x440;&#x473;&#x442;&#x442;&#x473;&#x43D; &#x43A;&#x438;&#x439;&#x438;&#x43D;&#x43A;&#x438; &#x433;&#x438;&#x433;&#x438;&#x435;&#x43D;&#x430;&#x441;&#x44B;</subfield>
    <subfield code="f">&#x415;. &#x410;. &#x411;&#x443;&#x43B;&#x44B;&#x433;&#x438;&#x43D;&#x430;</subfield>
  </datafield>
  <datafield tag="210" ind1=" " ind2=" ">
    <subfield code="a">&#x424;&#x440;&#x443;&#x43D;&#x437;&#x435;</subfield>
    <subfield code="c">&#x41A;&#x44B;&#x440;&#x433;&#x44B;&#x437;&#x43C;&#x430;&#x43C;&#x431;&#x430;&#x441;</subfield>
    <subfield code="d">1956</subfield>
  </datafield>
  <datafield tag="215" ind1=" " ind2=" ">
    <subfield code="a">35,[1] c.</subfield>
    <subfield code="d">20</subfield>
  </datafield>
  <datafield tag="541" ind1="1" ind2=" ">
    <subfield code="a">&#x413;&#x438;&#x433;&#x438;&#x435;&#x43D;&#x430; &#x436;&#x435;&#x43D;&#x449;&#x438;&#x43D;&#x44B; &#x432;&#x43E; &#x432;&#x440;&#x435;&#x43C;&#x44F; &#x431;&#x435;&#x440;&#x435;&#x43C;&#x435;&#x43D;&#x43D;&#x43E;&#x441;&#x442; &#x438; &#x43F;&#x43E;&#x441;&#x43B;&#x435; &#x440;&#x43E;&#x434;&#x43E;&#x432;</subfield>
    <subfield code="z">rus</subfield>
  </datafield>
  <datafield tag="686" ind1="1" ind2=" ">
    <subfield code="a">&#x420;714</subfield>
  </datafield>
  <datafield tag="686" ind1="1" ind2=" ">
    <subfield code="a">&#x427;511.146</subfield>
  </datafield>
  <datafield tag="700" ind1=" " ind2="1">
    <subfield code="a">&#x411;&#x443;&#x43B;&#x44B;&#x433;&#x438;&#x43D;&#x430;</subfield>
    <subfield code="b">&#x415;. &#x410;.</subfield>
    <subfield code="f">1891-</subfield>
    <subfield code="g">&#x415;&#x43B;&#x438;&#x437;&#x430;&#x432;&#x435;&#x442;&#x430; &#x410;&#x43B;&#x435;&#x43A;&#x441;&#x430;&#x43D;&#x434;&#x440;&#x43E;&#x432;&#x43D;&#x430;</subfield>
    <subfield code="4">070</subfield>
  </datafield>
  <datafield tag="852" ind1=" " ind2=" ">
    <subfield code="a">NLR</subfield>
    <subfield code="b">&#x41E;&#x41D;&#x41B;</subfield>
    <subfield code="j">&#x41A;&#x438;&#x440;&#x433;./2-2011</subfield>
  </datafield>
  <datafield tag="942" ind1=" " ind2=" ">
    <subfield code="c">BOOK</subfield>
  </datafield>
  <datafield tag="980" ind1=" " ind2=" ">
    <subfield code="a">NB</subfield>
  </datafield>
  <datafield tag="995" ind1=" " ind2=" ">
    <subfield code="5">2019-10-14</subfield>
    <subfield code="b">NLR01</subfield>
    <subfield code="c">NLR01</subfield>
    <subfield code="e">ONL01</subfield>
    <subfield code="f">1-2416542</subfield>
    <subfield code="k">&#x41E;&#x41D;&#x41B; &#x41A;&#x438;&#x440;&#x433;./2-2011</subfield>
    <subfield code="o">0</subfield>
    <subfield code="r">BOOK</subfield>
    <subfield code="s">_22011</subfield>
  </datafield>
</record>
